Normal view MARC view
  • Calder, Philip C

Entry Personal Name

Number of records used in: 2

001 - CONTROL NUMBER

  • control field: 130318

003 - CONTROL NUMBER IDENTIFIER

  • control field: NUST

005 - DATE AND TIME OF LATEST TRANSACTION

  • control field: 20250819102326.0

008 - FIXED-LENGTH DATA ELEMENTS

  • fixed length control field: 250819|| aca||aabn | a|a d

040 ## - CATALOGING SOURCE

  • Original cataloging agency: NUST
  • Transcribing agency: NUST

100 ## - HEADING--PERSONAL NAME

  • Personal name: Calder, Philip C

670 ## - SOURCE DATA FOUND

  • Source citation: Work cat.: (NUST)0: Nutrition and immune function /, 2002
© 2023 Central Library, National University of Sciences and Technology. All Rights Reserved.